000 01262cam a2200361 4500
999 _c21526
_d21526
001 3134398
003 BDDh-ASL
005 20231015030012.0
008 740424s1973 enka b 001 0 eng
010 _a 72088616
015 _aGB***
020 _a0521200792
040 _aDLC
_cDLC
_dDLC
_dBDDh-ASL
043 _apo-----
_ar------
050 0 0 _aG161
_b.H2 no. 143
_aG650 1825
082 0 0 _a910.0916
_bPAC
100 1 _aPeard, George,
_d1783-1837.
245 1 0 _aTo the Pacific and Arctic with Beechey:
_bthe journal of Lieutenant George Peard of H.M.S. Blossom, 1825-1828 /
_cEdited by Barry M. Gough.
260 _aCambridge :
_bPublished for the Hakluyt Society at the University Press,
_c1973.
300 _ax, 272 p. :
_billus.
_c23 cm.
350 _a£11.00 ($32.50 U.S.)
490 1 _aWorks issued by the Hakluyt Society, 2d ser., no. 143
504 _aBibliography: p. 258-263.
600 1 0 _aBeechey, Frederick William,
_d1796-1856.
610 2 0 _aBlossom (Ship)
651 0 _aOceania.
651 0 _aArctic regions.
700 1 _aGough, Barry M.,
_eed.
710 2 _aHakluyt Society.
830 0 _aWorks issued by the Hakluyt Society ;
_v2nd ser., no. 143.
906 _a7
_bcbc
_corignew
_d3
_eopcn
_f19
_gy-gencatlg
942 _2ddc
_cBK